Plan nacional de integridad [Nicaragua] /

Uloženo v:
Podrobná bibliografie
Korporativní autor: Nicaragua. Comité Nacional de Integridad
Médium: Kniha
Jazyk:španělština
Vydáno: Managua, Nicaragua : Vice-Presidencia de la República, Comité Nacional de Integridad, 1999
Témata:
Tagy: Přidat tag
Žádné tagy, Buďte první, kdo vytvoří štítek k tomuto záznamu!

MARC

LEADER 00000nam^a2200000^a^4500
001 000398854
005 20250526000000.0
009 20260310121537.12
037 |a Acervo ITESO - Biblioteca 
041 |a ESP 
082 |a 364. 1323097285  |b NIC 
110 |a Nicaragua.  |b Comité Nacional de Integridad 
245 1 0 |a Plan nacional de integridad [Nicaragua] /  |c Comité Nacional de Integridad. 
264 1 |a Managua, Nicaragua :  |b Vice-Presidencia de la República, Comité Nacional de Integridad,  |c 1999 
300 |a 43 p. ;  |c 21.5 cm. 
336 |a texto  |b txt  |2 rdacontenido 
337 |a sin mediación  |b n  |2 rdamedio 
338 |a volumen  |b nc  |2 rdasoporte 
649 |a XX 
650 |a Comité Nacional de Integridad -  |z Nicaragua 
650 |a Corrupción -  |z Nicaragua -  |x Tema Principal 
650 |a Corrupción -  |z Nicaragua -  |x Historia -  |y 1997-2002 
650 |a Delitos Oficiales -  |z Nicaragua -  |x Historia -  |y 1997-2002 
650 |a Políticas Públicas -  |z Nicaragua 
650 |a Administración Pública -  |z Nicaragua 
650 |a Nicaragua -  |x Condiciones Políticas 
910 |a Fondo Carlos Núñez Hurtado 
920 |a Impresos - Libros 
930 |a Libros Antiguos y Raros 
905 |a 108 
901 |a 0500294092  |b IT2  |c LRA  |i D83031  |u 20250526 
902 |a https://opac.biblio.iteso.mx/vufind/Record/000398854